Southville International School and Colleges
Your cart is empty.
  • Cart
  • Lists
    Public lists Eva Luna New books Lux_list list_1
    Your lists Log in to create your own lists
  • Log in to your account
  • Your cookies
  • Search history
Southville International School and Colleges
  • Advanced search
  • Recent comments
  • Most popular
  • Libraries

Log in to your account

Log in with GOOGLE


If you do not have an external account, but do have a local account, you can still log in:

  1. Home
  2. MARC view: Digital marketing for dummies.
Normal view MARC view ISBD view

Digital marketing for dummies. (Record no. 22733)

[ view plain ]
MARC details
000 -LEADER
fixed length control field 00620nam a2200205 a 4500
005 - DATE AND TIME OF LATEST TRANSACTION
control field 20140310183431.0
008 - FIXED-LENGTH DATA ELEMENTS--GENERAL INFORMATION
fixed length control field 080107s19uu xx 00 eng d
020 ## - INTERNATIONAL STANDARD BOOK NUMBER
International Standard Book Number 978-0-470-05793-3
050 ## - LIBRARY OF CONGRESS CALL NUMBER
Classification number HF 5415.1265
Item number .D569 2007
100 ## - MAIN ENTRY--PERSONAL NAME
Personal name Carter, Ben, et al.
245 ## - TITLE STATEMENT
Title Digital marketing for dummies.
Statement of responsibility, etc Ben Carter
260 ## - PUBLICATION, DISTRIBUTION, ETC. (IMPRINT)
Place of publication, distribution, etc England :
Name of publisher, distributor, etc John Wiley & Sons, Ltd,
Date of publication, distribution, etc 2007.
300 ## - PHYSICAL DESCRIPTION
Extent 282 p. :
Other physical details ill. ;
Dimensions 24 cm.
650 ## - SUBJECT ADDED ENTRY--TOPICAL TERM
Topical term or geographic name as entry element Marketing management.
650 ## - SUBJECT ADDED ENTRY--TOPICAL TERM
Topical term or geographic name as entry element Electronic commerce
General subdivision Management.
650 ## - SUBJECT ADDED ENTRY--TOPICAL TERM
Topical term or geographic name as entry element Internet Marketing.
650 ## - SUBJECT ADDED ENTRY--TOPICAL TERM
Topical term or geographic name as entry element Consumer behavior.
942 ## - ADDED ENTRY ELEMENTS (KOHA)
Koha item type Books
Source of classification or shelving scheme Library of Congress Classification
Call number prefix Foreign
Holdings
Withdrawn status Lost status Source of classification or shelving scheme Damaged status Home library Current library Shelving location Date acquired Source of acquisition Cost, normal purchase price Total Checkouts Total Renewals Full call number Barcode Date last seen Date checked out Copy number Price effective from Koha item type
    Library of Congress Classification   College Library College Library General Circulation Section 01/07/2008 Donation 1995.00 2 2 HF 5415.1265 .D569 2007 C8975 09/16/2019 08/05/2019 1 10/18/2013 Books

Digital marketing for dummies.

APA

Carter B. e. a., . (2007). Digital marketing for dummies. England: John Wiley & Sons, Ltd.

Chicago

Carter Ben et al, . 2007. Digital marketing for dummies. England: John Wiley & Sons, Ltd.

Harvard

Carter B. e. a., . (2007). Digital marketing for dummies. England: John Wiley & Sons, Ltd.

MLA

Carter Ben et al, . Digital marketing for dummies. England: John Wiley & Sons, Ltd. 2007.

  • Place hold
  • Print
  • Cite
  • Add to your cart (remove)
  • Save record
    BIBTEX Dublin Core MARCXML MARC (non-Unicode/MARC-8) MARC (Unicode/UTF-8) MARC (Unicode/UTF-8, Standard) MODS (XML) RIS
  • More searches
    Search for this title in:
    Other Libraries (WorldCat) Other Databases (Google Scholar) Online Stores (Bookfinder.com) Open Library (openlibrary.org)

Exporting to Dublin Core...

SOUTHVILLE LIBRARY

Southville International School and Colleges Library

1281 Tropical Ave. Cor. Luxembourg St., BF Homes International, Las Pinas City

Tel. No. 8256374 / 252358 Loc. 117/146

Powered by Koha